02699naa a2200169 a 450000100080000000500110000800800410001910000170006024501330007726000090021052020850021965000460230470000180235070000190236870000230238777301190241011351672024-12-04 2024 bl uuuu u00u1 u #d1 aALVES, D. P. aAN??LISE DO CITOPLASMA E DO GENE RESTAURADOR DA MACHOFERTILIDADE NO CULTIVAR DE CEBOLA PRINCESA DO SUL??.h[electronic resource] c2024 aA esterilidade gen??tico-citoplasm??tica masculina (CMS) ?? amplamente utilizada no desenvolvimento de h??bridos de cebola (Allium cepa L.). Para a cria????o de um h??brido de cebola, s??o necess??rios pelo menos tr??s progenitores: uma linha macho-est??ril (A), uma linha macho f??rtil capaz de manter a esterilidade masculina (B) e uma linha polinizadora final (C). O uso de marcadores moleculares para identificar plantas machoest??reis e mantenedoras pode simplificar e acelerar o processo. OBJETIVO: Empregar marcadores moleculares ligados aos genes citoplasm??ticos e nucleares associados ?? CMS na cebola para caracterizar o cultivar de poliniza????o livre PRINCESA DO SUL?? e identificar plantas adequadas para desenvolver linhagens A e B para a produ????o de h??bridos de cebola. METODOLOGIA: Em 2021, na esta????o experimental da Epagri em Ituporanga-SC, o DNA total de 288 plantas do cultivar PRINCESA DO SUL?? foi extra??do. Ap??s a extra????o e quantifica????o do DNA, foram realizadas PCR para identificar o tipo de citoplasma, utilizando os primers 5?cob, orfA501, e o fator nuclear envolvido na restaura????o da fertilidade em plantas com citoplasma S, utilizando o primer AcSKP1. RESULTADOS: 151 plantas possu??am o citoplasma normal "N", 132 plantas possu??am citoplasma est??ril "T" e apenas 5 plantas possu??am citoplasma est??ril "S", n??o foi poss??vel obter amplifica????o de uma das amostras. Para o primer AcSKP1 obtivemos 10 amostras homozigotas recessivas com citoplasma normal (Nmsms), portanto mantenedoras (B), e nenhuma planta com citoplasma est??ril S e duplo-recessiva, portanto macho-est??ril (A). CONCLUS??ES: Os marcadores moleculares utilizados no estudo foram eficazes em identificar plantas B, contudo n??o identificamos plantas macho-est??reis com citoplasma S. Observou-se que a frequ??ncia de citoplasma S no cultivar PRINCESA DO SUL ?? extremamente rara (1,74%). Portanto, a utiliza????o de marcadores moleculares pode facilitar a identifica????o de plantas de interesse, agilizando o processo de desenvolvimento de h??bridos de cebola. aAllium cepa L H??brido Marcador Molecular1 aMANFIO, C. E.1 aARA??JO, E. R.1 aHIGASHIKAWA, F. S. tIn: SEMIN??RIO CATARINENSE DE OLERICULTURA, 2., 2024, Fraiburgo, SC. Resumos... Ca??ador, SC: Epagri, 2024. p. 296